000 00636nam a2200193 i 4500
001 bg
245 0 _aRaport o stanie polskiego przemysłu w roku 1994 /
_c[oprac.] Ministerstwo Przemysłu i Handlu. Cz.2: Sektory.
260 _aWarszawa :
_bInstytut Organizacji i Zarządzania w Przemyśle "ORGMASZ",
_c1995.
300 _a152 s. :
_bwykr. kolor. ;
_c28 cm.
650 9 _aPrzemysł
_zPolska
_yod 1989 r.
710 _aMinisterstwo Przemysłu i Handlu
020 _a8390210541
040 _cBPK
041 0 _apl
080 _a66/69(438)"1994"
920 _a83-902105-4-1
942 _cKS
008 s pl f |000 0 pol
999 _c30906
_d30906
856 _uhttp://koha.tu.koszalin.pl/cgi-bin/koha/opac-detail.pl?biblionumber=30906
_yKatalog online BPK